<?xml version="1.0" encoding="UTF-8"?><?xml-stylesheet type="text/xsl" href="static/style.xsl"?><OAI-PMH xmlns="http://www.openarchives.org/OAI/2.0/" xmlns:xsi="http://www.w3.org/2001/XMLSchema-instance" xsi:schemaLocation="http://www.openarchives.org/OAI/2.0/ http://www.openarchives.org/OAI/2.0/OAI-PMH.xsd"><responseDate>2026-04-18T04:22:00Z</responseDate><request verb="GetRecord" identifier="oai:www.recercat.cat:11351/13396" metadataPrefix="marc">https://recercat.cat/oai/request</request><GetRecord><record><header><identifier>oai:recercat.cat:11351/13396</identifier><datestamp>2025-10-24T10:29:39Z</datestamp><setSpec>com_2072_378070</setSpec><setSpec>com_2072_378040</setSpec><setSpec>col_2072_378092</setSpec></header><metadata><record xmlns="http://www.loc.gov/MARC21/slim" xmlns:dcterms="http://purl.org/dc/terms/" xmlns:xsi="http://www.w3.org/2001/XMLSchema-instance" xmlns:doc="http://www.lyncode.com/xoai" xsi:schemaLocation="http://www.loc.gov/MARC21/slim http://www.loc.gov/standards/marcxml/schema/MARC21slim.xsd">
   <leader>00925njm 22002777a 4500</leader>
   <datafield ind2=" " ind1=" " tag="042">
      <subfield code="a">dc</subfield>
   </datafield>
   <datafield ind2=" " ind1=" " tag="720">
      <subfield code="a">R Pinto, Filipe</subfield>
      <subfield code="e">author</subfield>
   </datafield>
   <datafield ind2=" " ind1=" " tag="720">
      <subfield code="a">Cascos Garcia, Enric</subfield>
      <subfield code="e">author</subfield>
   </datafield>
   <datafield ind2=" " ind1=" " tag="720">
      <subfield code="a">Pérez-López, Estefanía</subfield>
      <subfield code="e">author</subfield>
   </datafield>
   <datafield ind2=" " ind1=" " tag="720">
      <subfield code="a">Baile-González, Mónica</subfield>
      <subfield code="e">author</subfield>
   </datafield>
   <datafield ind2=" " ind1=" " tag="720">
      <subfield code="a">Martín Rodríguez, Carlos</subfield>
      <subfield code="e">author</subfield>
   </datafield>
   <datafield ind2=" " ind1=" " tag="720">
      <subfield code="a">Pascual, Maria Jesus</subfield>
      <subfield code="e">author</subfield>
   </datafield>
   <datafield ind2=" " ind1=" " tag="720">
      <subfield code="a">Orti Pascual, Guillem</subfield>
      <subfield code="e">author</subfield>
   </datafield>
   <datafield ind2=" " ind1=" " tag="260">
      <subfield code="c">2025-07-11T06:56:36Z</subfield>
   </datafield>
   <datafield ind2=" " ind1=" " tag="260">
      <subfield code="c">2025-07-11T06:56:36Z</subfield>
   </datafield>
   <datafield ind2=" " ind1=" " tag="260">
      <subfield code="c">2025-05-01</subfield>
   </datafield>
   <datafield ind2=" " ind1=" " tag="520">
      <subfield code="a">Graft-versus-host disease prophylaxis; Cardiovascular toxicity; Early cardiac events</subfield>
   </datafield>
   <datafield ind2=" " ind1=" " tag="520">
      <subfield code="a">Profilaxis de la enfermedad de injerto contra huésped; Toxicidad cardiovascular; Eventos cardíacos tempranos</subfield>
   </datafield>
   <datafield ind2=" " ind1=" " tag="520">
      <subfield code="a">Profilaxi de la malaltia d'empelt contra hoste; Toxicitat cardiovascular; Esdeveniments cardíacs precoços</subfield>
   </datafield>
   <datafield ind2=" " ind1=" " tag="520">
      <subfield code="a">Introduction: Haploidentical allogeneic hematopoietic cell transplantation (haplo-HCT) using post-transplant cyclophosphamide (PTCY) has become a standard approach for patients lacking HLA-matched donors. While effective in reducing graft-versus-host disease (GVHD), concerns about PTCY-associated cardiovascular toxicity remain. This study investigates the incidence, predictors, and impact of early cardiac events (ECE) in haplo-HCT recipients.&#xd;
Methods: We conducted a retrospective, multicenter analysis of 268 patients with acute myeloid leukemia (AML) treated with anthracycline-based induction regimens and undergoing their first haplo-HCT with PTCY (50 mg/kg/day on days +3 and +4) between 2011 and 2022. ECEs, defined as any new cardiac event within 100 days post-transplant, were analyzed using cumulative incidence functions considering death and relapse as competing risks. Risk factors and the impact on non-relapse mortality (NRM) and overall survival (OS) were assessed via univariate and multivariate regression models.&#xd;
Results: The median patient age was 57 years (range: 18–79), and pre-transplant comorbidities included hypertension (22.4%), dyslipidemia (13.1%), diabetes mellitus (6.7%), and prior cardiac history (14.2%). ECEs occurred in 23 patients (8.6%) at a median of 19 days post-transplant (IQR: 5–66), with a day +100 cumulative incidence of 8.6% (95% CI: 6.1–12.3). The most frequent complications were pericardial effusion/pericarditis (43.5%), arrhythmias (30.4%), and heart failure (17.4%). Severe ECEs (CTCAE grade 3–4) were observed in 30.4% of cases, and four deaths (17.4%) were directly attributed to ECEs. Univariate analysis identified dyslipidemia (HR: 3.87, p=0.001), hypertension (HR: 2.76, p=0.015), and moderate-severe veno-occlusive disease (HR: 4.94, p=0.002) as significant predictors of ECE. ECEs were associated with lower OS (HR: 1.78, p=0.04) and higher NRM (HR: 2.87, p=0.005).&#xd;
Discussion: While the incidence of ECEs following haplo-HCT with PTCY was relatively low, their occurrence significantly worsened transplant outcomes. These findings underscore the importance of cardiovascular risk assessment and structured cardiac monitoring to mitigate complications in haplo-HCT recipients.</subfield>
   </datafield>
   <datafield ind1="8" ind2=" " tag="024">
      <subfield code="a">http://hdl.handle.net/11351/13396</subfield>
   </datafield>
   <datafield tag="653" ind2=" " ind1=" ">
      <subfield code="a">Empelt contra l'hoste, Malaltia de l'</subfield>
   </datafield>
   <datafield tag="653" ind2=" " ind1=" ">
      <subfield code="a">Cor - Malalties</subfield>
   </datafield>
   <datafield tag="653" ind2=" " ind1=" ">
      <subfield code="a">Cèl·lules mare hematopoètiques - Trasplantació</subfield>
   </datafield>
   <datafield tag="653" ind2=" " ind1=" ">
      <subfield code="a">Trasplantació d'òrgans, teixits, etc.</subfield>
   </datafield>
   <datafield tag="653" ind2=" " ind1=" ">
      <subfield code="a">DISEASES::Cardiovascular Diseases</subfield>
   </datafield>
   <datafield tag="653" ind2=" " ind1=" ">
      <subfield code="a">DISEASES::Pathological Conditions, Signs and Symptoms::Pathologic Processes::Cardiotoxicity</subfield>
   </datafield>
   <datafield tag="653" ind2=" " ind1=" ">
      <subfield code="a">DISEASES::Immune System Diseases::Graft vs Host Disease</subfield>
   </datafield>
   <datafield tag="653" ind2=" " ind1=" ">
      <subfield code="a">ANALYTICAL, DIAGNOSTIC AND THERAPEUTIC TECHNIQUES, AND EQUIPMENT::Therapeutics::Biological Therapy::Cell- and Tissue-Based Therapy::Cell Transplantation::Stem Cell Transplantation::Hematopoietic Stem Cell Transplantation</subfield>
   </datafield>
   <datafield tag="653" ind2=" " ind1=" ">
      <subfield code="a">Other subheadings::Other subheadings::Other subheadings::/adverse effects</subfield>
   </datafield>
   <datafield tag="653" ind2=" " ind1=" ">
      <subfield code="a">ANALYTICAL, DIAGNOSTIC AND THERAPEUTIC TECHNIQUES, AND EQUIPMENT::Surgical Procedures, Operative::Transplantation::Transplantation, Homologous::Transplantation, Haploidentical</subfield>
   </datafield>
   <datafield tag="653" ind2=" " ind1=" ">
      <subfield code="a">ENFERMEDADES::enfermedades cardiovasculares</subfield>
   </datafield>
   <datafield tag="653" ind2=" " ind1=" ">
      <subfield code="a">ENFERMEDADES::afecciones patológicas, signos y síntomas::procesos patológicos::cardiotoxicidad</subfield>
   </datafield>
   <datafield tag="653" ind2=" " ind1=" ">
      <subfield code="a">ENFERMEDADES::enfermedades del sistema inmune::enfermedad injerto contra huésped</subfield>
   </datafield>
   <datafield tag="653" ind2=" " ind1=" ">
      <subfield code="a">TÉCNICAS Y EQUIPOS ANALÍTICOS, DIAGNÓSTICOS Y TERAPÉUTICOS::terapéutica::terapia biológica::tratamientos basados en células y tejidos::trasplante de células::trasplante de células madre::trasplante de células madre hematopoyéticas</subfield>
   </datafield>
   <datafield tag="653" ind2=" " ind1=" ">
      <subfield code="a">Otros calificadores::Otros calificadores::Otros calificadores::/efectos adversos</subfield>
   </datafield>
   <datafield tag="653" ind2=" " ind1=" ">
      <subfield code="a">TÉCNICAS Y EQUIPOS ANALÍTICOS, DIAGNÓSTICOS Y TERAPÉUTICOS::intervenciones quirúrgicas::trasplante::trasplante homólogo::trasplante haploidéntico</subfield>
   </datafield>
   <datafield ind2="0" ind1="0" tag="245">
      <subfield code="a">Early cardiac events after haploidentical hematopoietic cell transplantation with post-transplant cyclophosphamide. subanalysis exploring cardiac toxicity conducted on behalf of GETH-TC</subfield>
   </datafield>
</record></metadata></record></GetRecord></OAI-PMH>